UM Logo

A 2-Year Evaluation of Professionals Development Workshops Focused on Physical Education and School Physical Activity / (Record no. 24305)

MARC details
000 -LEADER
fixed length control field 01086nam a22002417a 4500
003 - CONTROL NUMBER IDENTIFIER
control field OSt
005 - DATE AND TIME OF LATEST TRANSACTION
control field 20260212101943.0
008 - FIXED-LENGTH DATA ELEMENTS--GENERAL INFORMATION
fixed length control field 260212b |||||||| |||| 00| 0 eng d
040 ## - CATALOGING SOURCE
Transcribing agency 0
082 ## - DEWEY DECIMAL CLASSIFICATION NUMBER
Classification number DPer 796.07 J826 January-October 2023 v. 42 n. 1-4
100 ## - MAIN ENTRY--PERSONAL NAME
Personal name Dauenhauer, Brian
Relator term author.
9 (RLIN) 69674
245 ## - TITLE STATEMENT
Title A 2-Year Evaluation of Professionals Development Workshops Focused on Physical Education and School Physical Activity /
Statement of responsibility, etc. Brian Dauenhauer, Jennifer M. Krause, Dannon G. Cox, Katie L. Hodgin, Jaimie McMullen, Russell L. Carson.
260 ## - PUBLICATION, DISTRIBUTION, ETC. (IMPRINT)
Place of publication, distribution, etc. US
Name of publisher, distributor, etc. Human Kinetics, Inc.
Date of publication, distribution, etc. April 2023
300 ## - PHYSICAL DESCRIPTION
Extent Volume 42, pages 206-216 :
Other physical details illustration ;
Dimensions 29 cm.
500 ## - GENERAL NOTE
General note Journal of Teaching in Physical Education, vol. 42 no. 2, pages 206-216, January-October 2023.
700 ## - ADDED ENTRY--PERSONAL NAME
Personal name Dauenhauer, Brian
Relator term author.
9 (RLIN) 69674
700 ## - ADDED ENTRY--PERSONAL NAME
Personal name Krause, Jennifer M.
Relator term author.
9 (RLIN) 66980
700 ## - ADDED ENTRY--PERSONAL NAME
Personal name Cox, Dannon G.
Relator term author.
9 (RLIN) 62745
700 ## - ADDED ENTRY--PERSONAL NAME
Personal name Hodgin, Katie L.
Relator term author.
9 (RLIN) 69675
700 ## - ADDED ENTRY--PERSONAL NAME
Personal name Mcmullen, Jaimie.
Relator term author.
9 (RLIN) 69676
700 ## - ADDED ENTRY--PERSONAL NAME
Personal name Carson, Russell L.
Relator term author.
9 (RLIN) 69677
942 ## - ADDED ENTRY ELEMENTS (KOHA)
Source of classification or shelving scheme Dewey Decimal Classification
Koha item type Periodicals
Holdings
Withdrawn status Lost status Source of classification or shelving scheme Damaged status Not for loan Collection code Home library Current library Date acquired Total Checkouts Full call number Date last seen Price effective from Koha item type Public note
    Dewey Decimal Classification     Periodicals UM Digos College - LIC UM Digos College - LIC 02/12/2026   DPer 796.07 J826 January-October 2023 v. 42 n. 1-4 02/12/2026 12/02/2026 Periodicals Periodical Article